000 00307nam a22001337a 4500
008 170220b xxu||||| |||| 00| 0 eng d
020 _a9780060551711
041 _aeng
080 _a615
100 _a5
101 _aSHF
245 _aTHE ESSENTIAL GUIDE TO PRESCRIPTION DRUGS
_cLONG, J.W
942 _2udc
_cBK
999 _c5886
_d5886